LEADER 01209nam a2200265 i 4500 001 000000193765 003 CaOOAMICUS 005 20170206000000.0 008 170206s2000 it u000 u ita u 013 $a172408 020 $a88-8155-202-7 040 $aSeMil$bita 100 1 $aDicorato, Giuseppe.$0(OLS)http://semarc/name/62997 245 10$aPaolo Andreani :$baeronauta, esploratore, scienziato nella Milano dei Lumi : 1763-1823 /$cGiuseppe Dicorato. 260 $aMilano :$bAres,$c2000. 300 $a322 p., [16] p. di tav. :$bill. ;$c21 cm. 490 0 $aGrandi milanesi dimenticati ;$v1 600 14$aAndreani, Paolo <1763-1823>.$0(OLS)http://semarc/subject/46539 830 0$aGrandi milanesi dimenticati ;$v1.$0(OLS)http://semarc/title/402131 850 $aSeMil 852 $aSeMil$W1$xVenegono$y1$m3U II 579$j144339$B144339$CSeMilBibl$Z2$F216879 $81 961 $aOmaggio: Grampa dott. Cesare 996 $6020$a88-8155-202-7$9(OLS)http://semarc/number/274333 996 $6245$aPaolo Andreani :$baeronauta, esploratore, scienziato nella Milano dei Lumi : 1763-1823$9(OLS)http://semarc/title/409261 996 $6260$aMilano :$bAres$9(OLS)http://semarc/publisher/30250 LEADER 01009nam a2200229 i 4500 001 000000225035 003 CaOOAMICUS 005 20131119000000.0 008 131119s1966 xx u000 u fre u 013 $a203933 040 $aSeMil$bita 100 1 $aAuzou, Georges.$0(OLS)http://semarc/name/30400 245 13$aLa force de l'Esprit :$bétude du Livre des Juges /$cpar Georges Auzou. 260 $aParis :$bÉditions de l'Orante,$ccopyr. 1966. 300 $a343 p. ;$c20 cm. 490 0 $aConnaissance de la Bible 650 4$aBibbia. Antico testamento. Giudici - Commentari, studi, critica, interpretazioni.$0(OLS)http://semarc/subject/8800 830 0$aConnaissance de la Bible.$0(OLS)http://semarc/title/30829 850 $aSeMil 852 $aSeMil$W1$xVenegono$y1$m2W I 170$j175381$B175381$CSeMilBibl$Z2$F185351 $81 996 $6245$aLa force de l'Esprit :$bétude du Livre des Juges$9(OLS)http://semarc/title/322405 996 $6260$aParis :$bÉditions de l'Orante$9(OLS)http://semarc/publisher/35486